000 00504nam a22001697a 4500
003 0
005 20240910092157.0
008 240904b xxu||||| |||| 00| 0 eng d
020 _a978-621-405-625-5
050 _aLB 1537
_b.Sc416 2024
245 _aSRA Reading laboratory 1f :
_bpower builder /
260 _aQuezon City :
_bAbiva Publishing House, Inc.
_cc2024.
300 _aiv, 278 p. :
_bcol. ill. ;
_c28 cm.
440 _aSRA Reading Laboratory
650 _aReading comprehension
942 _2lcc
_cBK
999 _c366173
_d366173